000 01104nam a22002653 4500
001 pacificcaliforni00gabr
003 CaSfIA
005 20210118204810.0
007 cr||||
008 080702s1990 xx 000 0 eng d
040 _aYDXCP
_cYDXCP
_dCaSfIA
020 _a0791010503
020 _a9780791010501
035 _a(OCoLC)233143358
050 _aF
100 1 _aGabrowski, John F
245 0 0 _aPacific :
_h[electronic resource]
_bcalifornia, hawaii.
260 _aNew York :
_bChelsea House,
_c1990
300 _ap.
_c cm.
856 4 1 _uhttp://www.archive.org/details/pacificcaliforni00gabr
_zFree eBook from the Internet Archive
856 4 2 _uhttp://www.openlibrary.org/books/OL24216157M
_zAdditional information and access via Open Library
942 _cEB
506 _fНеобхідна авторизація на https://archive.org/ (створення облікового запису безкоштовно)
506 _fНеобхідна авторизація на https://openlibrary.org/ (створення облікового запису безкоштовно)
999 _c534395
_d534395